[Event "Chioggia op-C 14th"]
[Site "Chioggia"]
[Date "2019.10.06"]
[Round "4"]
[White "Ferlini, Claudio"]
[Black "Genchi, Niccolo"]
[Result "1-0"]
[WhiteElo "1290"]
[BlackElo "1341"]
[PlyCount "50"]
[EventDate "2019.10.04"]
[EventType "swiss"]
[EventRounds "5"]
[EventCountry "ITA"]
[SourceTitle "EXT 2022"]
[Source "ChessBase"]
[SourceDate "2021.10.06"]
[SourceVersion "1"]
[SourceVersionDate "2021.10.06"]
[SourceQuality "1"]

1. e4 e5 2. Nf3 Nc6 3. Bc4 Bc5 4. 0-0 d6 5. c3 Be6 6. Bxe6 fxe6 7. Na3 Nf6 8. d3 d5 9. b4 Bd6 10. Bg5 0-0 11. Qb3 Be7 12. Rfe1 Kh8 13. Rad1 Qd7 14. Nc2 b5 15. h3 d4 16. Na3 a6 17. Nc2 dxc3 18. a3 a5 19. Qxc3 axb4 20. axb4 Ra4 21. Nxe5 Nxe5 22. Qxe5 Bxb4 23. Nxb4 Rxb4 24. Be3 Qd6 25. Qc3 Nd7 1-0